00997nam a2200229 a 450000100100000000500170001000800410002704000250006808200150009310000290010824500790013725000110021626000360022730000210026349000460028450400730033059000750040370000330047883000530051195201860056499900170075000003535620200930074301.0111027s1958 ag 000 0 spa d aDO-SdBNPbspacBNPHU axxxxbxxxx1 aRussell, Bertrand94573710aAnálisis del espiritu /cBertrand Russell ; traducción Eduardo Prieto. a2a ed. aBuenos Aires, :bPaidos,c1958. a319 p. ;c18 cm.1 aBiblioteca del hombre contemporáneov14 aIncluye referencias bibliográficas y notas al pie de las páginas aPerteneció a la biblioteca personal de Juan Isidro Jimenes Grullón1 aPrieto, Eduardo,etr.961148 0aBiblioteca del hombre contemporáneon14961149 001050718RVaGRbGRcHDd2011-10-27iLF1l0oxxxx xxxxp35356-10r2020-06-25w2020-06-25y1zPerteneció a la biblioteca personal de Juan Isidro Jimenes Grullón.ZNo se presta c34847d34847